Sailors Guide Songs - Sturgill Simpson - Statistics

General Stats
  • This quiz has been taken 6 times
  • The average score is 5 of 9
Answer Stats
Hint Answer % Correct
7 All Around You
75%
6 Brace for Impact
75%
2 Breakers Roar
75%
9 Call to Arms
50%
5 In Bloom
50%
4 Sea Stories
50%
1 Welcome to Earth
50%
3 Keep It Between the Lines
25%
8 Oh Sarah
25%
No matching quizzes found
Score Distribution
Percent of People with Each Score
Percentile by Number Answered
Your Score History
You have not taken this quiz